Представление документа в формате RUSMARC

ПолеНазваниеЗначение
  Тип записи a
  Библиографический уровень m
001 Контрольный номер RU/IS/BASE/485535548
005 Дата корректировки 20240207193204.4
010 Индекс ISBN __
a ISBN 978-5-222-11318-9
d Цена 28 р. 00 к.
b Уточнения в пер.
9 Тираж 5000 экз.
100 Данные общей обработки __
a Данные общей обработки 20150521d2015 ||| 0rusy0189 ca
101 Язык документа 0_
a Язык текста rus
102 Страна публикации __
a Страна публикации RU
105 Кодированные данные (монография) __
a Кодированные данные (монография) y###||||000|y
200 Заглавие и сведения об ответственности 1_
a Заглавие Домашний аквариум
b Общее обозначение материала Текст
f Первые сведения об ответственности сост. О. Н. Щапова
205 Сведения об издании __
a Основные сведения об издании 2-е изд.
210 Выходные данные 1_
a Место издания Ростов-на-Дону
c Издательство Феникс
210 Выходные данные 1_
a Место издания Харьков
c Издательство Фолио
d Дата издания 2007
215 Физическое описание __
a Объем 350, [1] с., [8] л. ил.
c Иллюстрации/тип воспроизводства ил.
d Формат 20.5 см.
225 Серия 1_
a Серия Без проблем
606 Тематические рубрики 1_
a Основная рубрика Аквариумистика
610 Ключевые слова 1_
a Ключевые слова аквариумистика
a Ключевые слова аквариумы
a Ключевые слова домашние аквариумы
a Ключевые слова декоративное рыбоводство
a Ключевые слова аквариумные рыбы
a Ключевые слова рыбы
a Ключевые слова декоративные рыбы
a Ключевые слова аквариумные растения
a Ключевые слова моллюски
a Ключевые слова ракообразные
a Ключевые слова содержание аквариума
686 Индексы других классификаций __
a Классификационный индекс 47.287
2 Код системы rubbk
702 Вторичная интеллектуальная ответственность _1
a Фамилия Щапова
b Имя (инициалы) О. П.
g Полное личное имя Ольга Павловна
801 Источник записи _0
a Страна RU
b Организация Ульяновская ОБДЮ
c Дата составления 20150521
g Правила каталогизации RCR
801 Источник записи _1
a Страна RU
b Организация Ульяновская ОБДЮ
c Дата составления 20150521
g Правила каталогизации RCR
852 Данные о местонахождении __
a Наименование организации Ульяновская ОБДЮ
i Авторский знак Д 66
j Шифр хранения 47
901 Тип документа __
t Тип документа m
910 Корректоры записи __
a Корректор записи Бондаренко В.А.
919 __
a Бондаренко В.А.
938 Служебная информация __
a Имя БД MarkBase